| 000 | 00646cam a22002054a 4500 | ||
|---|---|---|---|
| 999 |
_c7510 _d7510 |
||
| 003 | OSt | ||
| 005 | 20200312062249.0 | ||
| 008 | 100323s2009 enka 001 0 eng | ||
| 020 | _a9781906506049 (hbk.) | ||
| 082 | 0 | 0 |
_a720 _222 _bLAK |
| 100 | 1 | _aLake, Quintin. | |
| 245 | 1 | 0 |
_aDrawing parallels : _barchitecture observed / _cQuintin Lake ; foreword by Richard Wentworth. |
| 260 |
_aBerkshire : _bPapadakis, _c2009. |
||
| 300 |
_a208 p. : _bcol. ill. ; _c26 cm. |
||
| 500 | _aIncludes index. | ||
| 650 | 0 |
_aComparative architecture _vPictorial works. |
|
| 650 | 0 |
_aArchitecture _vPictorial works. |
|
| 650 | 0 | _aPhotography, Artistic. | |
| 942 | _2ddc | ||